Termomechanika : Termokinetika
Saved in:
| Main Author: | |
|---|---|
| Format: | Book |
| Language: | Slovak |
| Published: |
Bratislava :
SVŠT v Bratislave,
1984
|
| Edition: | 1. preprac. vyd. |
| Subjects: | |
| Online Access: | OBSAH |
| Tags: |
No Tags, Be the first to tag this record!
|
MARC
| LEADER | 00000nam a22000003a 4500 | ||
|---|---|---|---|
| 001 | stu37482 | ||
| 005 | 20150617225724.5 | ||
| 008 | 920714s1984----cs------------------slo-d | ||
| 040 | |a STU |b slo | ||
| 041 | 0 | |a slo | |
| 044 | |a cs | ||
| 080 | |a 536.7(075.8) | ||
| 100 | 1 | |a Kabát, Ernest |4 aut | |
| 245 | 1 | |a Termomechanika : |b Termokinetika | |
| 250 | |a 1. preprac. vyd. | ||
| 260 | |a Bratislava : |b SVŠT v Bratislave, |c 1984 | ||
| 300 | |a 176 s | ||
| 650 | 7 | |a Termomechanika |2 stusub | |
| 650 | 7 | |a Termokinetika |2 stusub | |
| 856 | 4 | |a https://sweb.mtf.stuba.sk/obsahy/Termomechanika_termokinetika_83 |u https://sweb.mtf.stuba.sk/obsahy/Termomechanika_termokinetika_83 |3 OBSAH | |
| 996 | |b 284M031636 |c M*S-85-76 |l MMKN |s A |a 24 |w stu37482_0078 | ||
| 996 | |b 284M031587 |c M*S-85-27 |l MMST |s A |a 24 |w stu37482_0079 | ||
| 996 | |b 284M031601 |c M*S-85-41 |l MMKN |s A |a 24 |w stu37482_0080 | ||
| 996 | |b 284M031657 |c M*S-85-97 |l MMKN |s A |a 24 |w stu37482_0082 | ||
| 996 | |b 284M031647 |c M*S-85-87 |l MMKN |s A |a 24 |w stu37482_0083 | ||
| 996 | |b 284M031640 |c M*S-85-80 |l MMKN |s A |a 24 |w stu37482_0084 | ||
| 996 | |b 284M031641 |c M*S-85-81 |l MMKN |s A |a 24 |w stu37482_0085 | ||
| 996 | |b 284M031652 |c M*S-85-92 |l MMKN |s A |a 24 |w stu37482_0096 | ||